<?xml version="1.0" encoding="UTF-8"?>
<record
    xmlns:xsi="http://www.w3.org/2001/XMLSchema-instance"
    xsi:schemaLocation="http://www.loc.gov/MARC21/slim http://www.loc.gov/standards/marcxml/schema/MARC21slim.xsd"
    xmlns="http://www.loc.gov/MARC21/slim">

  <leader>00827nam a2200253ua 4500</leader>
  <controlfield tag="001">1212927</controlfield>
  <controlfield tag="003">CO-ViMGA</controlfield>
  <controlfield tag="005">20230915233610.0</controlfield>
  <controlfield tag="008">090316s2009    ck a   jr     0001j spa d</controlfield>
  <datafield tag="020" ind1=" " ind2=" ">
    <subfield code="a">9789583031687</subfield>
  </datafield>
  <datafield tag="040" ind1=" " ind2=" ">
    <subfield code="a">CO-ViMGA</subfield>
    <subfield code="b">spa</subfield>
    <subfield code="c">CO-ViMGA</subfield>
  </datafield>
  <datafield tag="041" ind1="1" ind2=" ">
    <subfield code="h">eng</subfield>
  </datafield>
  <datafield tag="043" ind1=" " ind2=" ">
    <subfield code="a">e-uk-en</subfield>
  </datafield>
  <datafield tag="082" ind1="0" ind2="4">
    <subfield code="a">I823.89 </subfield>
    <subfield code="b">G71v9 </subfield>
    <subfield code="2">21</subfield>
  </datafield>
  <datafield tag="100" ind1="1" ind2=" ">
    <subfield code="a">Grahame, Kenneth, </subfield>
    <subfield code="d">1859-1932.</subfield>
    <subfield code="9">388</subfield>
  </datafield>
  <datafield tag="245" ind1="1" ind2="3">
    <subfield code="a">El viento en los sauces / </subfield>
    <subfield code="c">Kenneth Grahame ; traductor Julio Caycedo Ponce de Leon.</subfield>
  </datafield>
  <datafield tag="260" ind1="3" ind2=" ">
    <subfield code="a">Bogot :&#x300; </subfield>
    <subfield code="b">Panamericana Editorial, </subfield>
    <subfield code="c">2009.</subfield>
  </datafield>
  <datafield tag="300" ind1=" " ind2=" ">
    <subfield code="a">48 p. : </subfield>
    <subfield code="b">il. ; </subfield>
    <subfield code="c">22 cm.</subfield>
  </datafield>
  <datafield tag="650" ind1="1" ind2="4">
    <subfield code="a">Animales</subfield>
    <subfield code="v"> Cuentos infantiles.</subfield>
    <subfield code="9">389</subfield>
  </datafield>
  <datafield tag="650" ind1="1" ind2="4">
    <subfield code="a">Cuentos infantiles ingleses.</subfield>
    <subfield code="9">219</subfield>
  </datafield>
  <datafield tag="650" ind1="1" ind2="4">
    <subfield code="a">Ternura</subfield>
    <subfield code="v"> Cuentos infantiles.</subfield>
    <subfield code="9">390</subfield>
  </datafield>
  <datafield tag="700" ind1="1" ind2=" ">
    <subfield code="a">Caycedo Ponce de Len&#x324;, Julio Santiago, </subfield>
    <subfield code="e">tr.</subfield>
    <subfield code="9">391</subfield>
  </datafield>
  <datafield tag="942" ind1=" " ind2=" ">
    <subfield code="2">ddc</subfield>
    <subfield code="c">BK</subfield>
  </datafield>
  <datafield tag="999" ind1=" " ind2=" ">
    <subfield code="c">32033</subfield>
    <subfield code="d">32033</subfield>
  </datafield>
  <datafield tag="952" ind1=" " ind2=" ">
    <subfield code="0">0</subfield>
    <subfield code="1">0</subfield>
    <subfield code="2">ddc</subfield>
    <subfield code="4">0</subfield>
    <subfield code="7">0</subfield>
    <subfield code="8">008</subfield>
    <subfield code="a">MEVIECAR</subfield>
    <subfield code="b">MEVIECAR</subfield>
    <subfield code="d">2015-12-04</subfield>
    <subfield code="h">14/sep/2011</subfield>
    <subfield code="l">1</subfield>
    <subfield code="o">GRAv </subfield>
    <subfield code="p">24897</subfield>
    <subfield code="r">2017-10-05 00:00:00</subfield>
    <subfield code="s">2017-09-20</subfield>
    <subfield code="t">Ej. 1</subfield>
    <subfield code="w">2015-12-04</subfield>
    <subfield code="y">BK</subfield>
  </datafield>
  <datafield tag="952" ind1=" " ind2=" ">
    <subfield code="0">0</subfield>
    <subfield code="1">0</subfield>
    <subfield code="2">ddc</subfield>
    <subfield code="4">0</subfield>
    <subfield code="7">0</subfield>
    <subfield code="8">008</subfield>
    <subfield code="a">MEVIECAR</subfield>
    <subfield code="b">MEVIECAR</subfield>
    <subfield code="d">2020-03-19</subfield>
    <subfield code="l">0</subfield>
    <subfield code="o">I823.89 G71v9 </subfield>
    <subfield code="p">32212</subfield>
    <subfield code="r">2022-11-03 00:00:00</subfield>
    <subfield code="w">2020-03-19</subfield>
    <subfield code="y">BK</subfield>
  </datafield>
  <datafield tag="952" ind1=" " ind2=" ">
    <subfield code="0">0</subfield>
    <subfield code="1">0</subfield>
    <subfield code="2">ddc</subfield>
    <subfield code="4">0</subfield>
    <subfield code="7">0</subfield>
    <subfield code="8">008</subfield>
    <subfield code="a">MEVIECAR</subfield>
    <subfield code="b">MEVIECAR</subfield>
    <subfield code="d">2020-03-19</subfield>
    <subfield code="l">0</subfield>
    <subfield code="o">I823.89 G71v9 </subfield>
    <subfield code="p">32213</subfield>
    <subfield code="r">2020-03-19 00:00:00</subfield>
    <subfield code="w">2020-03-19</subfield>
    <subfield code="y">BK</subfield>
  </datafield>
</record>
